LEADER 03698nam 2200697 450 001 9910464450503321 005 20210430195004.0 010 $a1-5015-0120-8 010 $a1-61451-369-4 024 7 $a10.1515/9781614513698 035 $a(CKB)3360000000515035 035 $a(EBL)4426408 035 $a(SSID)ssj0001624592 035 $a(PQKBManifestationID)16360807 035 $a(PQKBTitleCode)TC0001624592 035 $a(PQKBWorkID)14910665 035 $a(PQKB)10613023 035 $a(PQKBManifestationID)16334850 035 $a(PQKBWorkID)14911095 035 $a(PQKB)24371427 035 $a(MiAaPQ)EBC4426408 035 $a(DE-B1597)210183 035 $a(OCoLC)940455448 035 $a(DE-B1597)9781614513698 035 $a(Au-PeEL)EBL4426408 035 $a(CaPaEBR)ebr11163721 035 $a(CaONFJC)MIL900956 035 $a(EXLCZ)993360000000515035 100 $a20160321h20162016 uy 0 101 0 $aeng 135 $aur|nu---|u||u 181 $ctxt 182 $cc 183 $acr 200 14$aThe dynamics of nominal classification $eproductive and lexicalised uses of gender agreement in Mawng /$fRuth Singer 210 1$aBoston, [Massachusetts] ;$aBerlin, Germany :$cDe Gruyter Mouton,$d2016. 210 4$dİ2016 215 $a1 online resource (286 p.) 225 1 $aPacific Linguistics,$x1448-8310 ;$vVolume 642 300 $aDescription based upon print version of record. 311 $a1-61451-424-0 320 $aIncludes bibliographical references at the end of each chapters and indexes. 327 $tFront matter --$tAcknowledgements --$tTable of contents --$tList of figures --$tList of tables --$tAbbreviations and glossing conventions --$t1. Introduction --$t2. Theoretical issues --$t3. Grammatical sketch --$t4. Gender --$t5. Restricted argument verbs: verbs with very narrow selectional restrictions --$t6. Lexicalised agreement --$t7. A typological perspective on Mawng verbs with non-canonical agreement --$t8. Conclusions: towards a more dynamic understanding of nominal classification and its lexicalisation --$tBibliography --$tAppendix 1: Pronominal prefixes --$tAppendix 2: Wurakak ?Crow? text (AD Text 1) --$tAppendix 3: Full list of the 28 language sample --$tAppendix 4: Email sent to language experts for survey of lexicalised agreement --$tAppendix 5: Full list of all non-canonical verbs recorded in Mawng --$tAppendix 6: Sources of Mawng material --$tAuthor index --$tSubject index --$tLanguage index 330 $aThe use of grammatical gender in the Australian language Mawng calls into question prevailing ideas about the functions of nominal classification systems. Mawng?s gender system has a strong semantic basis and plays an important role in the construction of meaning in discourse. Gender agreement in verbs is frequently lexicalized, creating idioms called lexicalised agreement verbs that are structurally similar to noun-verb idioms. This book will be of interest to anyone interested in nominal classification or cross-linguistic approaches to idioms. 410 0$aPacific linguistics ;$vVolume 642. 606 $aMaung language$xGrammatical categories 606 $aMaung language$xGender 606 $aMaung language$xNominals 608 $aElectronic books. 615 0$aMaung language$xGrammatical categories. 615 0$aMaung language$xGender. 615 0$aMaung language$xNominals. 676 $a499/.15 700 $aSinger$b Ruth$c(Linguist),$01044480 801 0$bMiAaPQ 801 1$bMiAaPQ 801 2$bMiAaPQ 906 $aBOOK 912 $a9910464450503321 996 $aThe dynamics of nominal classification$92470167 997 $aUNINA LEADER 05194oam 2200721I 450 001 9910789562103321 005 20230725031339.0 010 $a1-136-71708-0 010 $a1-283-15092-1 010 $a9786613150929 010 $a1-136-71709-9 010 $a0-203-81572-6 024 7 $a10.4324/9780203815724 035 $a(CKB)2670000000093663 035 $a(EBL)692383 035 $a(OCoLC)730151713 035 $a(SSID)ssj0000523295 035 $a(PQKBManifestationID)12180016 035 $a(PQKBTitleCode)TC0000523295 035 $a(PQKBWorkID)10542689 035 $a(PQKB)11512435 035 $a(MiAaPQ)EBC692383 035 $a(Au-PeEL)EBL692383 035 $a(CaPaEBR)ebr10477476 035 $a(CaONFJC)MIL315092 035 $a(OCoLC)730503152 035 $a(EXLCZ)992670000000093663 100 $a20180706d2011 uy 0 101 0 $aeng 135 $aur|n|---||||| 181 $ctxt 182 $cc 183 $acr 200 00$aHuman rights in the Asia-Pacific region $etowards institution building /$fedited by Hitoshi Nasu and Ben Saul 210 1$aMilton Park, Abingdon, Oxon ;$aNew York, N.Y. :$cRoutledge,$d2011. 215 $a1 online resource (286 p.) 225 1 $aRoutledge research in human rights law 300 $aDescription based upon print version of record. 311 $a0-415-85948-4 311 $a0-415-60254-8 320 $aIncludes bibliographical references and index. 327 $aThe engagement of Asia-Pacific states with the UN Human Rights Committee: reporting and individual petitions / Ivan Shearer and Naomi Hart -- Human rights monitoring institutions and multiculturalism / Nisuke Ando -- Challenges to a human rights mechanism in the Asia-Pacific region: the experience of the universal periodic review of the UN human rights council / Shigeki Sakamoto -- Innovations in institution-building and fresh challenges: the optional protocol to the convention against torture and the convention on the rights of persons with disabilities / Sarah McCosker -- Chinese practice in un treaty monitoring bodies: principled sovereignty and slow appreciation / Wim Muller -- Resistance to regional human rights cooperation in the Asia-Pacific: demythologizing regional exceptionalism by learning from the Americas, Europe, and Africa / Ben Saul, Jacqueline Mowbray and Irene Baghoomians -- Persistent engagement and insistent persuasion: the role of the working group for an asean human rights mechanism in institutionalising human rights in the region / Tan Hsien-Li -- Asean: setting the agenda for the rights of migrant workers? / Susan Kneebone -- Challenges for Asean human rights mechanisms: the case of Lao PDR from a gender perspective / Irene Pietropaoli -- The role of networks in the implementation of human rights in the Asia-Pacific region / Catherine Renshaw -- Human rights commissions in times of trouble and transition: the case of the national human rights commission of Nepal / Andrea Durbach -- Corporate human rights abuses: what role for the national human rights institutions? / Surya Deva -- Rethinking human rights in China: towards a receptor framework / Mimi Zou and Tom Zwart. 330 $a"The Asia-Pacific region is known for having one of the least developed institutional mechanisms for protecting human rights. This edited collection makes a timely and distinctive contribution to contemporary debates about strengthening the institutional protection of human rights in the Asia-Pacific region, in the wake of ASEAN's announcement in 2009 of an ASEAN regional human rights mechanism.Drawing together leading scholarly voices, the book focuses on the systemic issue of institutionalising human rights protection in the Asia-Pacific. It critically examines the prospects for deepening and widening the institutionalization of human rights monitoring in the region, challenging the orthodox scepticism about whether Asia is "ready" for stronger institutions. The volume analyses the impediments to institutions, whilst questioning the need for them. The collection provides a range of perspectives on the issues and many of the chapters bring a variety of interdisciplinary insights to bear. As such, the collection will be of interest to a scholarly and student audience in law, as well as to readers in international relations, political science, Asian studies, and human rights"--$cProvided by publisher. 410 0$aRoutledge research in human rights law. 606 $aHuman rights$zAsia 606 $aHuman rights$zPacific Area 606 $aNational human rights institutions$zAsia 606 $aNational human rights institutions$zPacific Area 615 0$aHuman rights 615 0$aHuman rights 615 0$aNational human rights institutions 615 0$aNational human rights institutions 676 $a341.4/8095 686 $aLAW000000$aLAW013000$aLAW016000$2bisacsh 701 $aNasu$b Hitoshi$0477788 701 $aSaul$b Ben$0601338 801 0$bMiAaPQ 801 1$bMiAaPQ 801 2$bMiAaPQ 906 $aBOOK 912 $a9910789562103321 996 $aHuman rights in the Asia-Pacific region$93690130 997 $aUNINA